| 000 | 01074nam a22002657a 4500 | ||
|---|---|---|---|
| 005 | 20090116164554.0 | ||
| 008 | 090116t xxu||||| |||| 00| 0 hin d | ||
| 010 | _aHIN-92548 | ||
| 020 |
_c140.00 _a8189418092 |
||
| 035 | _aHN-64894 | ||
| 037 | _bDBAD / PUB | ||
| 040 |
_aDPL _bHN |
||
| 082 | _a305 | ||
| 100 |
_927526 _aशर्मा, सीमा |
||
| 245 |
_aभारत की महिला नेत्रियाँ: _cसीमा शर्मा _bस्वतंत्रता सेनानी एवं राजनीतिज्ञ / |
||
| 260 |
_aजयपुर _bअजय प्रकाशन _c2011 |
||
| 270 |
_aचौड़ा रास्ता _bजयपुर _e302003 |
||
| 300 |
_a135पृ. _c22सेमी (सजिल्द) |
||
| 650 | _91169 | ||
| 650 | _91170 | ||
| 700 | _927533 | ||
| 700 | _927547 | ||
| 942 |
_2ddc _cHN _mशर्मासी _h305 |
||
| 999 |
_c52089 _d52089 |
||